00198nam a2200085Ia 4500008004100000100001700041245001900058260002600077260000900103170620s9999 xx 000 0 und d aSINGH- AVTAR 0aSHADAYA BHIDHI bAllahabad Law Angency c2009